Loading...
| History - European | 0 | 11 | 1 | 0 | 105 | 26 | 50.27 | 4 | 11 | 28.26 | 41.90 |
| Fine Arts - Classical Music | 0 | 8 | 0 | 1 | 80 | 31 | 77.50 | 3 | 7 | 20.84 | 48.33 |
| Religion | 0 | 7 | 0 | 0 | 70 | 32 | 68.00 | 3 | 5 | 22.08 | 41.67 |
| History - Other | 0 | 6 | 0 | 0 | 60 | 42 | 62.33 | 4 | 6 | 21.27 | 40.00 |
| History - World | 0 | 4 | 0 | 0 | 40 | 44 | 62.50 | 2 | 4 | 13.58 | 28.33 |
| Mythology | 0 | 4 | 0 | 1 | 40 | 60 | 80.50 | 2 | 3 | 9.91 | 21.67 |
| Literature - British | 0 | 4 | 0 | 0 | 40 | 81 | 87.50 | 0 | 3 | 6.32 | 13.75 |
| Social Science | 0 | 3 | 0 | 0 | 30 | 35 | 65.33 | 2 | 3 | 12.90 | 28.89 |
| Fine Arts - Painting and Sculpture | 0 | 3 | 0 | 0 | 30 | 76 | 101.33 | 0 | 3 | 3.13 | 12.73 |
| Literature - World | 0 | 3 | 0 | 0 | 30 | 79 | 87.00 | 2 | 3 | 6.46 | 23.64 |
| Literature - European | 0 | 3 | 1 | 0 | 25 | 38 | 69.00 | 2 | 3 | 10.31 | 21.67 |
| Fine Arts - Other | 0 | 3 | 1 | 1 | 25 | 93 | 114.33 | 1 | 3 | 0.64 | 16.67 |
| Literature - American | 0 | 2 | 1 | 0 | 15 | 37 | 72.50 | 0 | 2 | 9.97 | 15.00 |
| Philosophy | 0 | 1 | 0 | 0 | 10 | 55 | 55.00 | 1 | 1 | 5.45 | 11.11 |
| Science - Biology | 0 | 1 | 0 | 0 | 10 | 97 | 97.00 | 0 | 0 | 0.00 | 1.67 |
| Science - Chemistry | 0 | 1 | 0 | 0 | 10 | 76 | 76.00 | 0 | 0 | 1.89 | 3.64 |
| Current Events | 0 | 2 | 2 | 0 | 10 | 62 | 65.50 | 0 | 1 | 16.27 | 20.00 |
| Geography | 0 | 0 | 1 | 0 | -5 | 0.00 | 0 | 0 | 0.00 | 0.00 | |
| Science - Other | 0 | 0 | 1 | 0 | -5 | 0.00 | 0 | 0 | 0.00 | 0.00 |